| 000 | 01037nam a22003017a 4500 | ||
|---|---|---|---|
| 001 | BR9208285 | ||
| 003 | BR-BrBNA | ||
| 005 | 20230928093702.0 | ||
| 007 | ta | ||
| 008 | 230509b bl.||||| |||| 00| 0 por d | ||
| 040 |
_aBR-BrBNA _bpor _cBiblioteca Nacional de Agricultura |
||
| 041 | _a(Por) | ||
| 072 |
_aH20 _b3240 _b4120 _b3875 |
||
| 090 | _ 3240 BR9208285 | ||
| 100 | 1 | _aSouza, M.G. de | |
| 110 | 1 |
_aUniversidade Federal de Vicosa, MG (Brasil) _0Tese (Magister Scientiae) |
|
| 245 | 1 | _aEtiologia e controle do tombamento de mudas de eucalipto, causado por Botrytis cinerea, no estadio de fechamento de canteiros | |
| 260 | 3 |
_aVicosa, MG (Brasil): _c1991. |
|
| 300 | _a53 p. | ||
| 500 | _a8 illus.; Bibliography p. 46-53 (74 ref.); Summaries (Eng, Por). (*) Documento disponível na(o) Universidade Federal de Vicosa, MG (Brazil) | ||
| 650 | _aEUCALIPTO | ||
| 650 | _aQUEIMA DAS PONTAS | ||
| 650 | _aFUNGICIDA | ||
| 650 | _aCONTROLE QUIMICO | ||
| 650 | _aMUDA | ||
| 909 |
_a202309 _bLucia _c55 _dLucia Elande |
||
| 942 | _cBK | ||
| 999 |
_c46473 _d46473 |
||